000 00977nam a2200241Ia 4500
000 01100naaa 00277uu
001 https://directory.doabooks.org/handle/20.500.12854/68118
005 20260218105818.0
008 211013s9999 xx 000 0 und d
020 _a9781787444829
024 _a10.1017/9781787444829
042 _adc
100 1 _aAtkin, Tamara
245 0 _aManuscript and Print in Late Medieval and Early Modern Britain : Essays in Honour of Professor Julia Boffey
260 _aCambridge
_bBoydell & Brewer
_c2019
520 _aLiterature, European and World Literature: General Interest
540 _aAll rights reserved
653 _aLiterature, European and World Literature: General Interest
700 1 _aRajsic, Jaclyn
856 _uhttps://docs.google.com/spreadsheets/d/1yKIrdCPDAG_9c22mwoOIO2DOhtj65Wqa/edit?usp=sharing&ouid=106555315294820607512&rtpof=true&sd=true
_yList of Curated E-Books
942 _cE-BOOK
999 _c49402
_d49402